| 000 | 00314nam a22001097a 4500 | ||
|---|---|---|---|
| 082 | _a510/HAN | ||
| 100 |
_aHanda, Dr. Nidhi _981654 |
||
| 245 | _aKatyayana Sulbasutra And Modern Mathematical Interpretations Of Its Sutras | ||
| 260 |
_aNew Delhi _bManyata Prakashan _c2018 |
||
| 650 |
_aMathematics _95682 |
||
| 942 | _cBK | ||
| 999 |
_c65809 _d65809 |
||